000 00719nam a2200277 a 4500
999 _c8615
_d8615
001 8615
003 BD-JhCC
005 20211013134021.0
008 930319s1993 enka 000 0 eng d
020 _a0719551579
020 _a071955277X (Internationalstudent ed.)
035 _a(BD-JhCC)8615
040 _aBD-JhCC
_dBD-JhCC
041 _aeng
082 _a380.1
_bLOB 2005
100 1 _aLobley, Derek,
_d1938-
245 1 0 _aSuccess in commerce /
_cDerek Lobley
250 _a4th ed
260 _aLondon :
_bJohn Murray,
_c1993
300 _a291 p. :
_bill. ;
_c22 cm
504 _aIncludes index
650 0 _aCommerce
_xTextbooks
830 0 _aSuccess studybooks
942 _2ddc
_cBK
_02